Ensayos sobre el 27 de febrero / (Registro nro. 13969)

Detalles MARC
000 -LEADER
fixed length control field 00984nam a2200277 a 4500
001 - CONTROL NUMBER
control field
003 - CONTROL NUMBER IDENTIFIER
control field DO-SdBNP
005 - DATE AND TIME OF LATEST TRANSACTION
control field 20220120105347.0
008 - FIXED-LENGTH DATA ELEMENTS--GENERAL INFORMATION
fixed length control field 110308s2006 dr r 000 0 spa d
020 ## - INTERNATIONAL STANDARD BOOK NUMBER
International Standard Book Number 9993479985
040 ## - CATALOGING SOURCE
Original cataloging agency DO-SdBNP
Language of cataloging spa
Transcribing agency BPMSU
082 ## - DEWEY DECIMAL CLASSIFICATION NUMBER
Classification number 972.9304
Item number G216e 2006
Edition number 22
100 1# - MAIN ENTRY--PERSONAL NAME
Personal name García Lluberes, Alcides
245 10 - TITLE STATEMENT
Title Ensayos sobre el 27 de febrero /
Statement of responsibility, etc. Alcides García Lluveres, Leonidas García Lluveres, Vetilio Alfau Durán.
250 ## - EDITION STATEMENT
Edition statement 3a ed.
260 ## - PUBLICATION, DISTRIBUTION, ETC. (IMPRINT)
Place of publication, distribution, etc. Santo Domingo :
Name of publisher, distributor, etc. CPEP,
Date of publication, distribution, etc. 2006.
300 ## - PHYSICAL DESCRIPTION
Extent 157 p. ;
Dimensions 22 cm.
500 ## - GENERAL NOTE
General note Incluye referencias bibliográficas y notas al pie de las páginas
590 ## - LOCAL NOTE (RLIN)
Local note Inventariado, 2022/VM
651 #4 - SUBJECT ADDED ENTRY--GEOGRAPHIC NAME
Geographic name República Dominicana
General subdivision Historia
Chronological subdivision 1844-1930
Form subdivision Ensayos, conferencias, etc.
700 1# - ADDED ENTRY--PERSONAL NAME
Personal name García Lluveres, Leonidas
700 1# - ADDED ENTRY--PERSONAL NAME
Personal name Alfau Durán, Vetilio,
Dates associated with a name 1909-1985
710 ## - ADDED ENTRY--CORPORATE NAME
Corporate name or jurisdiction name as entry element Comisión Permanente de Efemérides Patria (República Dominicana)
910 ## - USER-OPTION DATA (OCLC)
User-option data VMateo V.
942 ## - ADDED ENTRY ELEMENTS (KOHA)
Source of classification or shelving scheme Dewey Decimal Classification
Koha item type Libros
Existencias
Withdrawn status Lost status Source of classification or shelving scheme Damaged status Not for loan Collection code Home library Current library Date acquired Source of acquisition Total Checkouts Full call number Barcode Date last seen Price effective from Koha item type Copy number
    Dewey Decimal Classification     Colección Dominicana Biblioteca Pública Metropolitana Salomé Ureña Biblioteca Pública Metropolitana Salomé Ureña 01/20/2022 Fundacón Juan Bosch   BPMSU CD 972.9304 G216e 2006 BPMSU22010055 01/20/2022 01/20/2022 Libros  
    Dewey Decimal Classification     Colección Dominicana Biblioteca Pública Metropolitana Salomé Ureña Biblioteca Pública Metropolitana Salomé Ureña 01/20/2022 Fundacón Juan Bosch   BPMSU CD 972.9304 G216e 2006 BPMSU22010074 01/26/2022 01/20/2022 Libros e.2